Statistics for U.S. Airports - Map Quiz (Extreme)

Click here to take the quiz!

General Stats

  • This quiz has been taken 555 times
  • The average score is 32 of 50

Answers on the Map

Answers color-coded by a green-red scale on the quiz's map according to % correct below.
 

Answer Stats

Answer% Correct
Portland International Airport
89%
Seattle–Tacoma International Airport
88%
Denver International Airport
81%
Phoenix Sky Harbor International Airport
80%
Salt Lake City International Airport
80%
San Diego International Airport
76%
Minneapolis–Saint Paul International Airport
74%
Nashville International Airport
74%
Louis Armstrong New Orleans International Airport
72%
Orlando International Airport
72%
Indianapolis International Airport
71%
Sacramento International Airport
71%
Detroit Metropolitan Airport
70%
San Francisco International Airport
70%
Charlotte Douglas International Airport
69%
Kansas City International Airport
69%
Tampa International Airport
69%
Austin–Bergstrom International Airport
68%
Miami International Airport
68%
Raleigh-Durham International Airport
68%
Cincinnati/Northern Kentucky International Airport
67%
Dallas Love Field
67%
St. Louis Lambert International Airport
67%
Los Angeles International Airport
66%
Oakland International Airport
66%
Chicago Midway International Airport
65%
Cleveland Hopkins International Airport
64%
Dallas/Fort Worth International Airport
64%
Hartsfield-Jackson International Airport
64%
San Antonio International Airport
64%
Fort Lauderdale–Hollywood International Airport
62%
Pittsburgh International Airport
62%
Southwest Florida International Airport
62%
McCarran International Airport
59%
O'Hare International Airport
59%
Philadelphia International Airport
58%
Newark Liberty International Airport
56%
Baltimore/Washington International Airport
55%
Norman Y. Mineta San José International Airport
55%
John Glenn Columbus International Airport
53%
George Bush Intercontinental Airport
51%
LaGuardia Airport
49%
Logan International Airport
48%
Kahului Airport
47%
Ronald Reagan Washington National Airport
47%
John F. Kennedy International Airport
46%
Washington Dulles International Airport
46%
William P. Hobby Airport
44%
John Wayne Airport
40%
Daniel K. Inouye International Airport
32%

Score Distribution

Percentile by Number Answered

Percent of People with Each Score

Your Score History

You have not taken this quiz